00895nam a22002057a 4500999001900000005001700019010001300036020002600049035001300075037001300088082001200101245011300113250001300226260010700239270014800346300002100494700002600515942002200541952012600563 c180435d18043520210809160339.0 aB-741204 a9789354091087c300.00 aB-741204 bDBAD/PUB a954 IND aIndia 2021 : A Reference Annual/ccompiled by Publication Division Ministry Of Information And Broadcasting  a65th ed. aNew Delhi b Publication Division Ministry of Information and Broadcasting , Government of Indiac2021 aPublication Division , Ministry of Information and Broadcasting , Gov. of India , Sochna Bhawan , CGO Complex , Lodhi Road ,bNew Dehi e110003 a799p.c24cm(pbk) aNew Media Wing Comp. 2ddccENh954mIND 001040708REFaLbLd2021-08-09eDBAD/PUBg300.00l0o954 INDpB-741204r2021-08-09 00:00:00t1v300.00w2021-08-09yEN